Statistics for Polynomers Level 30+ Members Quiz

Click here to take the quiz!

General Stats

  • This quiz has been taken 6 times
  • The average score is 18 of 58

Answer Stats

Answer% Correct
linxero
80%
Polygon Donut
80%
semag
80%
silver
80%
Vendetto
80%
Aipo
60%
Animerica
60%
banana
60%
chip
60%
dewwfy
60%
dunce hat
60%
Fairy
60%
Kit
60%
Pebbl7
60%
shoveitshovel
60%
SLA
60%
ball
40%
Hatsunest miku
40%
NotCalamus
40%
steve
40%
The
40%
Vendetta
40%
BigNook
20%
Big sauce
20%
Cheeseman
20%
cheese moment
20%
Chocola
20%
Chroma
20%
waciol
20%
Dogofthesea
20%
Faiq
20%
goldie
20%
hamsterdam
20%
HuyTheDum
20%
isaac
20%
Kerale
20%
melon head
20%
Nebby
20%
Romania
20%
sambaki
20%
Seal
20%
Static doodles
20%
Stuip
20%
terrance
20%
Tospsy
20%
TripPy_Poly
20%
Zye
20%
Zyphex
20%
Avice.vip
0%
Brod
0%
broom
0%
LandonM
0%
Linennight
0%
marcy
0%
Mewplant
0%
Polyph0ny
0%
Theeserras
0%
Tooru Lmao
0%

Score Distribution

Percentile by Number Answered

Percent of People with Each Score

Your Score History

You have not taken this quiz